<?xml version="1.0" encoding="UTF-8"?>
<record
    xmlns:xsi="http://www.w3.org/2001/XMLSchema-instance"
    xsi:schemaLocation="http://www.loc.gov/MARC21/slim http://www.loc.gov/standards/marcxml/schema/MARC21slim.xsd"
    xmlns="http://www.loc.gov/MARC21/slim">

  <leader>02392nam a2200289 u 4500</leader>
  <controlfield tag="001"> </controlfield>
  <controlfield tag="003">DO-SdBNP</controlfield>
  <controlfield tag="005">20251013140733.0</controlfield>
  <controlfield tag="008">090710s2007    dr      r     000 0 spa d</controlfield>
  <datafield tag="020" ind1=" " ind2=" ">
    <subfield code="a">9789945421378</subfield>
  </datafield>
  <datafield tag="040" ind1=" " ind2=" ">
    <subfield code="a">DO-SdBNP</subfield>
    <subfield code="b">spa</subfield>
    <subfield code="c">BPMSU </subfield>
  </datafield>
  <datafield tag="082" ind1=" " ind2=" ">
    <subfield code="a">972.9304</subfield>
    <subfield code="b">M516c, 2007</subfield>
    <subfield code="2">22</subfield>
  </datafield>
  <datafield tag="100" ind1="1" ind2=" ">
    <subfield code="a">Mej&#xED;a Ricart, Gustavo Adolfo,</subfield>
    <subfield code="d">1893-1962</subfield>
  </datafield>
  <datafield tag="245" ind1="1" ind2="0">
    <subfield code="a">Cr&#xED;tica de nuestra historia moderna :</subfield>
    <subfield code="b">primer per&#xED;odo del estado libre en la parte espa&#xF1;ola de la isla de Santo Domingo /</subfield>
    <subfield code="c">Gustavo Adolfo Mej&#xED;a Ricart.</subfield>
  </datafield>
  <datafield tag="250" ind1=" " ind2=" ">
    <subfield code="a">2a. ed.</subfield>
  </datafield>
  <datafield tag="260" ind1=" " ind2=" ">
    <subfield code="a">Santo Domingo :</subfield>
    <subfield code="b">BanReservas ;</subfield>
    <subfield code="b">Sociedad Dominicana de Bibli&#xF3;filos,</subfield>
    <subfield code="c">2007.</subfield>
  </datafield>
  <datafield tag="300" ind1=" " ind2=" ">
    <subfield code="a">230 p. ;</subfield>
    <subfield code="c">22 cm.</subfield>
  </datafield>
  <datafield tag="490" ind1="0" ind2=" ">
    <subfield code="a">Bibli&#xF3;filos-BanReservas</subfield>
    <subfield code="v">3</subfield>
  </datafield>
  <datafield tag="500" ind1=" " ind2=" ">
    <subfield code="a">Incluye &#xED;ndice onom&#xE1;stico.</subfield>
  </datafield>
  <datafield tag="500" ind1=" " ind2=" ">
    <subfield code="a">Incluye refencias bibliogr&#xE1;ficas y notas al pie de las p&#xE1;ginas </subfield>
  </datafield>
  <datafield tag="505" ind1="0" ind2=" ">
    <subfield code="t">Presentaci&#xF3;n /</subfield>
    <subfield code="r">Daniel Toribio --</subfield>
    <subfield code="t">Exordio /</subfield>
    <subfield code="r">Mariano Mella --</subfield>
    <subfield code="t">Introducci&#xF3;n a la segunda edici&#xF3;n de la obra "Cr&#xED;tica de nuestra historia moderna :primer per&#xED;odo del Estado libre en la parte espa&#xF1;ola de la isla de Santo Domingo" de Gustavo Adolfo Mej&#xED;a Ricart /</subfield>
    <subfield code="r">Mar&#xED;a Filomena Gonz&#xE1;lez Canalda --</subfield>
    <subfield code="a">Estado independiente de Hait&#xED; espa&#xF1;ol --</subfield>
    <subfield code="g">Pre&#xE1;mbulo --</subfield>
    <subfield code="t">Por d&#xF3;nde tiene que empezar el estudio de nuestra historia moderna ?</subfield>
    <subfield code="t">El gobierno de los setenta d&#xED;as --</subfield>
    <subfield code="t">La discutida personalidad del licenciado N&#xFA;&#xF1;ez de C&#xE1;ceres--</subfield>
    <subfield code="t">El criterio que debe mantener la cr&#xED;tica racional acerca del hecho hist&#xF3;rico --</subfield>
    <subfield code="t">Los &#xFA;ltimos d&#xED;as del emancipador, y sus andanzas en Am&#xE9;rica --</subfield>
    <subfield code="t">Precedentes de la independencia ef&#xED;mera de este per&#xED;odo --</subfield>
    <subfield code="t">No entr&#xF3; el dominio de la historia el hecho pol&#xED;tico de la uni&#xF3;n a Colombia --</subfield>
    <subfield code="t">El linaje dominicano del general Sim&#xF3;n Bolivar, y la culpa del desamparo a nuestra patria que se le achaca por parte de algunos de nuestros historiadores y publicistas.</subfield>
    <subfield code="g">Ap&#xE9;ndices</subfield>
    <subfield code="t">Declaratoria de Independencia del Pueblo Dominicano --</subfield>
    <subfield code="t">Acta constitutiva del gobierno provisional del Estado independiente de la parte espo&#xF1;ola de Hait&#xED; --</subfield>
    <subfield code="t">Acta de la sesi&#xF3;n del 4 de diciembre de 1821 de la Junta Provisional de Gobierno del Estado Independiente de Hayti espa&#xF1;ol --</subfield>
    <subfield code="t">&#xCD;ndice onom&#xE1;stico.</subfield>
  </datafield>
  <datafield tag="590" ind1=" " ind2=" ">
    <subfield code="6">inventariado, 2021/VM</subfield>
  </datafield>
  <datafield tag="651" ind1=" " ind2="4">
    <subfield code="a">Rep&#xFA;blica Dominicana</subfield>
    <subfield code="x">Presidente (1821: C&#xE1;ceres )</subfield>
  </datafield>
  <datafield tag="651" ind1=" " ind2="4">
    <subfield code="a">Rep&#xFA;blica Dominicana</subfield>
    <subfield code="x">Historia</subfield>
    <subfield code="y">1844-1861</subfield>
  </datafield>
  <datafield tag="910" ind1=" " ind2=" ">
    <subfield code="a"> VMateo V. </subfield>
  </datafield>
  <datafield tag="942" ind1=" " ind2=" ">
    <subfield code="2">ddc</subfield>
    <subfield code="c">BK</subfield>
  </datafield>
  <datafield tag="952" ind1=" " ind2=" ">
    <subfield code="0">0</subfield>
    <subfield code="1">0</subfield>
    <subfield code="2">ddc</subfield>
    <subfield code="4">0</subfield>
    <subfield code="7">0</subfield>
    <subfield code="8">CD</subfield>
    <subfield code="a">BPMET</subfield>
    <subfield code="b">BPMET</subfield>
    <subfield code="d">2021-11-29</subfield>
    <subfield code="e">Amigo del Hogar</subfield>
    <subfield code="l">0</subfield>
    <subfield code="o">BPMSU CD 972.9304 M516c, 2007</subfield>
    <subfield code="p">BPMSU21110139</subfield>
    <subfield code="r">2021-11-29</subfield>
    <subfield code="w">2021-11-29</subfield>
    <subfield code="y">BK</subfield>
  </datafield>
  <datafield tag="952" ind1=" " ind2=" ">
    <subfield code="0">0</subfield>
    <subfield code="1">0</subfield>
    <subfield code="2">ddc</subfield>
    <subfield code="4">0</subfield>
    <subfield code="7">0</subfield>
    <subfield code="8">CD</subfield>
    <subfield code="a">BPMET</subfield>
    <subfield code="b">BPMET</subfield>
    <subfield code="d">2021-11-29</subfield>
    <subfield code="e">Amigo del Hogar</subfield>
    <subfield code="l">0</subfield>
    <subfield code="o">BPMSU CD 972.9304 M516c, 2007</subfield>
    <subfield code="p">BPMSU25100031</subfield>
    <subfield code="r">2025-10-13</subfield>
    <subfield code="t">e.2</subfield>
    <subfield code="w">2021-11-29</subfield>
    <subfield code="y">BK</subfield>
  </datafield>
  <datafield tag="952" ind1=" " ind2=" ">
    <subfield code="0">0</subfield>
    <subfield code="1">0</subfield>
    <subfield code="2">ddc</subfield>
    <subfield code="4">0</subfield>
    <subfield code="7">0</subfield>
    <subfield code="8">CD</subfield>
    <subfield code="a">BPMET</subfield>
    <subfield code="b">BPMET</subfield>
    <subfield code="d">2021-11-29</subfield>
    <subfield code="e">Amigo del Hogar</subfield>
    <subfield code="l">0</subfield>
    <subfield code="o">BPMSU CD 972.9304 M516c, 2007</subfield>
    <subfield code="p">BPMSU25100032</subfield>
    <subfield code="r">2025-10-13</subfield>
    <subfield code="t">e.3</subfield>
    <subfield code="w">2021-11-29</subfield>
    <subfield code="y">BK</subfield>
  </datafield>
  <datafield tag="999" ind1=" " ind2=" ">
    <subfield code="c">13909</subfield>
    <subfield code="d">13909</subfield>
  </datafield>
</record>
